| Tag |
First Indicator |
Second Indicator |
Subfields |
| LEADER |
00000cam a2200000 4500 |
| 001 |
in00000060753 |
| 005 |
20151008050547.0 |
| 008 |
720911s1955 enka 00000 eng u |
| 010 |
|
|
|a a 55004633
|
| 035 |
|
|
|a (OCoLC)00403609
|
| 035 |
|
|
|9 AAG1780AM
|
| 040 |
|
|
|c MRC
|d TXA
|d UtOrBLW
|
| 049 |
|
|
|a TXAM
|c [260607]
|
| 090 |
|
|
|a HG229
|b .B76 1955
|
| 092 |
|
|
|a 322.414
|b B877g
|
| 100 |
1 |
|
|a Brown, A. J.
|q (Arthur Joseph)
|
| 245 |
1 |
4 |
|a The great inflation, 1939-1951.
|
| 264 |
|
1 |
|a London :
|b Oxford University Press,
|c 1955.
|
| 300 |
|
|
|a xii, 321 pages :
|b illustrations, tables. ;
|c 22 cm.
|
| 336 |
|
|
|a text
|b txt
|2 rdacontent
|
| 337 |
|
|
|a unmediated
|b n
|2 rdamedia
|
| 338 |
|
|
|a volume
|b nc
|2 rdacarrier
|
| 500 |
|
|
|a "Issued under the auspices of the Royal Institute of International Affairs."
|
| 650 |
|
0 |
|a Inflation (Finance)
|
| 999 |
|
|
|a MARS
|
| 999 |
f |
f |
|s 3c5e576b-ce2a-38aa-9a2f-edf2f3d8d3bf
|i d9a3b6c4-a859-33ac-a625-890413aeab9e
|t 0
|
| 952 |
f |
f |
|p normal
|a Texas A&M University
|b College Station
|c Sterling C. Evans Library
|d Evans: Library Stacks
|t 0
|e HG229 .B76 1955
|h Library of Congress classification
|i unmediated -- volume
|m A14800663635
|
| 998 |
f |
f |
|a HG229 .B76 1955
|t 0
|l Evans: Library Stacks
|